Pokémon - Galar City or UK City - Statistics

General Stats
  • This quiz has been taken 16 times
  • The average score is 19 of 24
Answer Stats
Hint Answer % Correct
Stow-on-Side Galar
100%
Birmingham Real
100%
Bristol Real
100%
Hammerlocke Galar
92%
Spikemuth Galar
92%
Motostoke Galar
92%
Sheffield Real
92%
Norwich Real
92%
Wyndon Galar
83%
Gloucester Real
83%
Nottingham Real
83%
Leicester Real
83%
Postwick Galar
75%
Hulbury Galar
75%
Freezington Galar
75%
Ballonlea Galar
75%
Wedgehurst Galar
75%
Salford Real
75%
Southampton Real
75%
Circhester Galar
67%
Turffield Galar
67%
Newcastle Real
67%
Stockport Real
58%
Stoke-on-Trent Real
50%
No matching quizzes found
Score Distribution
Percent of People with Each Score
Percentile by Number Answered
Your Score History
You have not taken this quiz